| 000 | 01354nam a2200205Ia 4500 | ||
|---|---|---|---|
| 003 | Ost | ||
| 005 | 20260507075649.0 | ||
| 008 | 260507s9999||||xx |||||||||||||| ||und|| | ||
| 040 | _cfsecg | ||
| 041 | _aara | ||
| 082 | _a658.403 | ||
| 100 |
_aالليثي، محمد على _eمؤلف |
||
| 245 | 0 |
_aالإتجاهات الحديثة في اقتصاديات الإدارة : _bمدخل الى الألفية الثالثة / _c محمد على الليثي |
|
| 260 |
_aالقاهرة: _bالدار الجامعية للنشر, _c2005 |
||
| 300 |
_a813 صفحة؛ _bإيضاحات ؛ _c24 سم |
||
| 520 | _aالطلب والعرض والتوازن- الإنتاج والتكاليف- هيكل السوق والتسعير- المماراسات السعرية- التحليل القراري- تقويم الإستثمار- نماذج النقل والتوزيع- مسألة التخزين في الإقتصاد الإداري- استخدام نظرية المباريات في إقتصاديات الإدارة- البرمجة الخطية وإقتصاديات الإدارة- إدارة المشروعات- إدارة الجودة الشاملة وإقتصاديات الإدارة. | ||
| 653 | _aإقتصاديات الإدارة- الألفية الثالثة | ||
| 700 |
_aسيفين، لطفي لويز _eمؤلف ثانوي |
||
| 942 | _cكتاب | ||
| 999 |
_c45561 _d45561 |
||